<marc:collection xmlns:xsi="http://www.w3.org/2001/XMLSchema-instance" xmlns:marc="http://www.loc.gov/MARC21/slim" xsi:schemaLocation="http://www.loc.gov/MARC21/slim http://www.loc.gov/standards/marcxml/schema/MARC21slim.xsd">
    <marc:record>
        <marc:leader>     nam a22      c 4500</marc:leader>
        <marc:controlfield tag="001">z.pics2/17006850</marc:controlfield>
        <marc:controlfield tag="003">nljbp</marc:controlfield>
        <marc:controlfield tag="005">241011034621.7</marc:controlfield>
        <marc:controlfield tag="007">cr |||||||||||</marc:controlfield>
        <marc:controlfield tag="008">141111s2006    ne |||||||||||||||||eng|d</marc:controlfield>
        <marc:datafield tag="010" ind1=" " ind2=" ">
            <marc:subfield code="a">  2006048782</marc:subfield>
        </marc:datafield>
        <marc:datafield tag="020" ind1=" " ind2=" ">
            <marc:subfield code="a">9789027293022</marc:subfield>
            <marc:subfield code="q">(e-Book)</marc:subfield>
        </marc:datafield>
        <marc:datafield tag="040" ind1=" " ind2=" ">
            <marc:subfield code="a">nljbp</marc:subfield>
            <marc:subfield code="b">eng</marc:subfield>
            <marc:subfield code="c">nljbp</marc:subfield>
            <marc:subfield code="d">nljbp</marc:subfield>
        </marc:datafield>
        <marc:datafield tag="050" ind1="0" ind2="0">
            <marc:subfield code="a">P305.19.C64</marc:subfield>
        </marc:datafield>
        <marc:datafield tag="082" ind1="0" ind2="0">
            <marc:subfield code="a">306.44</marc:subfield>
            <marc:subfield code="2">22</marc:subfield>
        </marc:datafield>
        <marc:datafield tag="084" ind1=" " ind2=" ">
            <marc:subfield code="a">JM</marc:subfield>
            <marc:subfield code="q">bicssc</marc:subfield>
        </marc:datafield>
        <marc:datafield tag="084" ind1=" " ind2=" ">
            <marc:subfield code="a">PSY000000</marc:subfield>
            <marc:subfield code="q">bisacsh</marc:subfield>
        </marc:datafield>
        <marc:datafield tag="245" ind1="0" ind2="0">
            <marc:subfield code="a">Progress in Colour Studies</marc:subfield>
            <marc:subfield code="b">Volume II. Psychological aspects</marc:subfield>
            <marc:subfield code="c">Edited by Nicola Pitchford and Carole P. Biggam</marc:subfield>
        </marc:datafield>
        <marc:datafield tag="264" ind1=" " ind2="1">
            <marc:subfield code="a">Amsterdam ;</marc:subfield>
            <marc:subfield code="a">Philadelphia :</marc:subfield>
            <marc:subfield code="b">John Benjamins Publishing Company,</marc:subfield>
            <marc:subfield code="c">2006</marc:subfield>
        </marc:datafield>
        <marc:datafield tag="264" ind1=" " ind2="4">
            <marc:subfield code="c">©2006</marc:subfield>
        </marc:datafield>
        <marc:datafield tag="300" ind1=" " ind2=" ">
            <marc:subfield code="a">1 online resource (xiv, 237 pp.)</marc:subfield>
        </marc:datafield>
        <marc:datafield tag="336" ind1=" " ind2=" ">
            <marc:subfield code="a">text</marc:subfield>
            <marc:subfield code="b">txt</marc:subfield>
            <marc:subfield code="2">rdacontent</marc:subfield>
        </marc:datafield>
        <marc:datafield tag="337" ind1=" " ind2=" ">
            <marc:subfield code="a">computer</marc:subfield>
            <marc:subfield code="b">c</marc:subfield>
            <marc:subfield code="2">rdamedia</marc:subfield>
        </marc:datafield>
        <marc:datafield tag="338" ind1=" " ind2=" ">
            <marc:subfield code="a">online resource</marc:subfield>
            <marc:subfield code="b">cr</marc:subfield>
            <marc:subfield code="2">rdacarrier</marc:subfield>
        </marc:datafield>
        <marc:datafield tag="504" ind1=" " ind2=" ">
            <marc:subfield code="a">Includes bibliographical references and indexes.</marc:subfield>
        </marc:datafield>
        <marc:datafield tag="505" ind1="0" ind2=" ">
            <marc:subfield code="a">Preface -- Explanation(s) and the patterning of basic colour words across languages and speakers / Don Dedrick -- Re-assessing perceptual diagnostics for observers with diverse retinal photopigment genotypes / Kimberly A. Jameson, David Bimler and Linda M. Wasserman -- Hue categorization and color naming / Marc H. Bornstein -- Infant colour perception and discrete trial preferential looking paradigms / Davida Y. Teller, Maria Pereverzeva and Iris Zemach -- The rivalry between colour and spatial attributes in infant response to the visual field / Di Catherwood -- Converging evidence for pre-linguistic colour categorization / Anna Franklin and Ian R.L. Davies -- Colour categorization in preschoolers / Valererie Bonnardel and Nicola Pitchford -- The developmental acquisition of basic colour terms / Nicola Pitchford and Kathy T. Mullen -- Colour categories and category acquisition in Himba and English / Debi Roberson, Jules Davidoff, Ian R.L. Davies and Laura R. Shapiro -- Sex differences in colour preference / Zhu Ling, Anya Hurlbert and Lucy Robinson -- Colour associations in the Mexican university population / Lilia R. Prado-León, Rosalío Avila-Chaurand and Rosa Amelia Rosales-Cinco -- Synaesthesia, neurology and language / Christian Kay and Catherine Mulvenna</marc:subfield>
        </marc:datafield>
        <marc:datafield tag="520" ind1=" " ind2=" ">
            <marc:subfield code="a">The study of colour attracts researchers from a wide range of disciplines from both the sciences and the arts. Along with its companion volume, Progress in Colour Studies 1: Language and Culture, this book offers a fascinating insight into current issues and research into colour. Most of the papers originated in a 2004 conference entitled ‘Progress in Colour Studies’ held in the University of Glasgow, U.K. Some additional invited papers are included from investigators exploring new and exciting avenues of colour research. The contributions to both books represent reviews of state-of-the-art colour research in various disciplines, and some new research findings are reported. This volume, principally psychological in content, focuses on the development of colour perception and colour language, from infancy into adulthood, across a diverse range of cultures, including English, Himba, Chinese, and Mexican, and on the intriguing yet perplexing condition of synaesthesia, thus bridging research from the physiology, psychology and anthropology of colour.</marc:subfield>
            <marc:subfield code="c">Provided by publisher.</marc:subfield>
        </marc:datafield>
        <marc:datafield tag="650" ind1="0" ind2="4">
            <marc:subfield code="a">Cognition and language</marc:subfield>
        </marc:datafield>
        <marc:datafield tag="650" ind1="0" ind2="4">
            <marc:subfield code="a">Cognitive psychology</marc:subfield>
        </marc:datafield>
        <marc:datafield tag="700" ind1="1" ind2=" ">
            <marc:subfield code="a">Pitchford, Nicola</marc:subfield>
            <marc:subfield code="e">editor</marc:subfield>
        </marc:datafield>
        <marc:datafield tag="700" ind1="1" ind2=" ">
            <marc:subfield code="a">Biggam, Carole P.</marc:subfield>
            <marc:subfield code="e">editor</marc:subfield>
        </marc:datafield>
        <marc:datafield tag="776" ind1="1" ind2=" ">
            <marc:subfield code="i">Hardbound version:</marc:subfield>
            <marc:subfield code="d">Amsterdam ; Philadelphia : John Benjamins Publishing Company, 2006</marc:subfield>
            <marc:subfield code="z">9789027232403</marc:subfield>
        </marc:datafield>
        <marc:datafield tag="856" ind1="4" ind2="0">
            <marc:subfield code="z">DOI</marc:subfield>
            <marc:subfield code="u">https://doi.org/10.1075/z.pics2</marc:subfield>
        </marc:datafield>
        <marc:datafield tag="856" ind1="4" ind2="0">
            <marc:subfield code="z">JB e-Platform</marc:subfield>
            <marc:subfield code="u">https://www.jbe-platform.com/content/books/9789027293022</marc:subfield>
        </marc:datafield>
    </marc:record>
</marc:collection>